000 01024cam a2200325 4500
001 9377
005 20230410132956.0
008 060907s1978 mx spa
035 _9funglode9454
020 _a9682301661
041 1 _aspa
_hfre
050 1 4 _aB 809.8
_bA467r 1978
082 0 0 _a335.411
049 _aGRAL
100 1 _aAlthusser, Louis
_d1918-1990.
245 1 3 _aLa revolución teórica de Marx /
_cpor Louis Althusser ; traducción de Marta Harnecker.
250 _a17a ed.
260 _aMexico :
_bSiglo Veintiuno Editores,
_c1978.
300 _axv, 206 p. ;
_c21 cm.
440 0 _aBiblioteca del pensamiento socialista.
_pSerie ensayos críticos
500 _aTraducción de Pour Marx
504 _aIncludes bibliographical references.
600 1 0 _aMarx, Karl,
_d1818-1883.
650 0 _aPhilosophy, Marxist.
600 1 4 _aMarx, Karl, 1818-1883.
650 4 _aMaterialismo dialéctico.
650 4 _aMarxismo
_xTeorías.
700 1 _aHarnecker, Marta, 1931-,
_etr.
942 _2lcc
_cbk
999 _c91205
_d91205